[Event "GRE-ch U12"]
[Site "Peristeri"]
[Date "2023.07.08"]
[Round "8"]
[White "Sasso, Nikolaos Dimitrios"]
[Black "Diamantidis, Nikolaos"]
[Result "1-0"]
[WhiteElo "1121"]
[BlackElo "1301"]
[PlyCount "91"]
[EventDate "2023.07.03"]
[EventType "swiss"]
[EventRounds "9"]
[EventCountry "GRE"]
[SourceTitle "EXT 2024"]
[Source "ChessBase"]
[SourceDate "2023.10.10"]
[SourceVersion "1"]
[SourceVersionDate "2023.10.10"]
[SourceQuality "1"]

1. e4 e5 2. Nf3 Nc6 3. Bc4 Bc5 4. c3 Nf6 5. d3 d6 6. b4 Bb6 7. a4 a5 8. b5 Ne7 9. 0-0 h6 10. h3 0-0 11. Be3 Bxe3 12. fxe3 Bd7 13. Nbd2 d5 14. exd5 Nexd5 15. Re1 Re8 16. Qc2 Qe7 17. d4 e4 18. Ne5 c6 19. bxc6 bxc6 20. Rab1 Qd6 21. Rb7 Bf5 22. Nf1 Bg6 23. Reb1 Rf8 24. Qf2 Nxc3 25. Nxg6 Nxb1 26. Nxf8 Rxf8 27. Rxb1 Qa3 28. Qa2 Qc3 29. Rb7 Kh7 30. Bxf7 Qc1 31. Qf2 Kh8 32. Re7 Kh7 33. Qf5+ Kh8 34. Be6 Nh7 35. Rf7 Rg8 36. Qg6 Ng5 37. Bf5 Qc4 38. Rf6 Qd5 39. h4 Qxf5 40. Rxf5 Nh7 41. Ng3 Nf6 42. Rxf6 Rd8 43. Rf7 Rg8 44. Nh5 c5 45. Nf6 h5 46. Qh7# 1-0

[Event "GRE-ch U12"]
[Site "Peristeri"]
[Date "2023.07.06"]
[Round "5"]
[White "Diamantidis, Nikolaos"]
[Black "Nikolakopoulos, Vasileios"]
[Result "1/2-1/2"]
[WhiteElo "1301"]
[BlackElo "1123"]
[PlyCount "116"]
[EventDate "2023.07.03"]
[EventType "swiss"]
[EventRounds "9"]
[EventCountry "GRE"]
[SourceTitle "EXT 2024"]
[Source "ChessBase"]
[SourceDate "2023.10.10"]
[SourceVersion "1"]
[SourceVersionDate "2023.10.10"]
[SourceQuality "1"]

1. d4 Nf6 2. c4 e6 3. Nc3 c5 4. e3 cxd4 5. exd4 d5 6. Nf3 Be7 7. Be3 0-0 8. Bd3 dxc4 9. Bxc4 Qc7 10. Bd3 Nbd7 11. 0-0 b6 12. Rc1 Qb8 13. Nb5 Nd5 14. Be4 N7f6 15. Bxd5 Nxd5 16. Ne5 Nxe3 17. fxe3 Bd6 18. Nxd6 Qxd6 19. Qf3 Ba6 20. Rf2 Qe7 21. Rfc2 Bb7 22. Qf4 Rac8 23. Qf2 f6 24. Rxc8 Rxc8 25. Rxc8+ Bxc8 26. Qc2 Bb7 27. Nf3 Bxf3 28. gxf3 Qd7 29. Kg2 g6 30. Qe4 Kf7 31. h4 Qd5 32. Qxd5 exd5 33. Kg3 Ke6 34. Kg4 h6 35. a4 a6 36. e4 b5 37. h5 f5+ 38. exf5+ gxf5+ 39. Kg3 bxa4 40. f4 a5 41. Kf3 Kd6 42. Ke3 Kc6 43. Kd3 Kb5 44. Kc3 Kb6 45. Kd3 Ka6 46. Kc2 Kb5 47. Kc3 a3 48. bxa3 a4 49. Kd3 Ka5 50. Kd2 Kb5 51. Kc3 Ka5 52. Kd3 Kb5 53. Kc3 Ka5 54. Kb2 Ka6 55. Kc2 Kb5 56. Kc3 Ka5 57. Kc2 Kb5 58. Kc3 Ka5 1/2-1/2